| 000 | 00647nam a2200241Ia 4500 | ||
|---|---|---|---|
| 003 | OSt | ||
| 005 | 20230622115845.0 | ||
| 008 | 210423s2015 xx 000 0 und d | ||
| 020 | _a978-93-392-1205-6 | ||
| 040 | _cAL | ||
| 041 | _aeng | ||
| 082 |
_a332.6 _223 _bBODI |
||
| 100 |
_aBODIE (Zvi);KANE (Alex);MARCUS (Alan J);MOHANTY (Pitabas) _9110849 |
||
| 245 | _aInvestments Ed 10 | ||
| 250 | _a10 | ||
| 260 |
_aNew Delhi _bMcGrawhill Education _c2015 |
||
| 300 |
_axxxi,1091 _bPB |
||
| 365 |
_b699 _cINR |
||
| 650 |
_aEconomics _9110850 |
||
| 650 |
_aInvestment Management _9110851 |
||
| 906 | _a10 ; Ed ; Investments | ||
| 942 |
_2ddc _cBK |
||
| 999 |
_c166999 _d166999 |
||